Statistics for Australian Cricketers Who Have Played 80 Tests

Click here to take the quiz!

General Stats

  • This quiz has been taken 1,967 times
  • The average score is 12 of 15

Answer Stats

testsseasonsplayer% Correct
1451992-2007Shane Warne
98%
1681995-2012Ricky Ponting
96%
1681985-2004Steve Waugh
90%
1241993-2007Glenn McGrath
89%
1281991-2002Mark Waugh
89%
1052004-Michael Clarke
85%
961999-2008Adam Gilchrist
84%
1561978-1994Allan Border
84%
1031994-2009Matthew Hayden
83%
1051993-2007Justin Langer
78%
1041989-1999Mark Taylor
68%
871970-1984Greg Chappell
63%
1071984-1996David Boon
60%
1191988-1999Ian Healy
60%
961970-1984Rod Marsh
56%

Score Distribution

Percentile by Number Answered

Percent of People with Each Score

Your Score History

You have not taken this quiz